Missing Word: Seth Rogen Quiz Stats

Quiz Updated Dec 17, 2011

Challenge
Share
Tweet
Embed
Score 0/12 Timer 01:00
2 Plays Today
Hint Answer % Correct
Kung Fu ____Panda
98.5%
____ Hears a Who!Horton
92.1%
Pineapple ____Express
91.8%
Monsters vs. ____Aliens
91.7%
The ____ HornetGreen
91%
Zack and Miri Make a ____Porno
79.8%
Donnie ____Darko
75.5%
The Spiderwick ____Chronicles
70.4%
____ BrothersStep
62.5%
Funny ____People
61%
____ UpKnocked
50.6%
Observe and ____Report
49.1%

Today's Daily Dose

Word Ladder
KISS Hit

On This Day
January 22nd

You're not logged in!

Compare scores with friends on all Sporcle quizzes.
Sign Up with Email
OR
Log In

You Might Also Like...

Show Comments

Extras

Top Quizzes Today


Score Distribution

Your Account Isn't Verified!

In order to create a playlist on Sporcle, you need to verify the email address you used during registration. Go to your Sporcle Settings to finish the process.